000
00242nam a2200109 4500
082
_a
297AHM
100
_a
Hafiz Ahmedyar
245
_a
Islamyat
260
_a
Islamabad:
_b
Allama Iqbal Open Univeristy,
_c
1981.
300
_a
263p. ;
942
_c
BK
999
_c
13019
_d
13019